[Event "Philadelphia"]
[Site "Philadelphia"]
[Date "1986.??.??"]
[Round "?"]
[White "Leow Leslie M"]
[Black "Donaldson, John W"]
[Result "1/2-1/2"]
[WhiteElo "2440"]
[BlackElo "2420"]

1.e4 c5 2.Nf3 d6 3.d4 cxd4 4.Nxd4 Nf6 5.Nc3 Nc6 6.Bg5 e6 7.Qd2 a6 8.O-O-O h6
9.Bf4 Bd7 10.Nxc6 Bxc6 11.f3 d5 12.e5 Nd7 13.Ne2 Rc8 14.Nd4 Qb6 15.Kb1 Bb4
16.c3 Bc5 17.h4 Ba4 18.Rc1 Bxd4 19.Qxd4 Qxd4 20.cxd4 Rxc1+ 21.Bxc1 Nb8 22.b3 Bb5
23.Bxb5+ axb5 24.h5 Nc6 25.Be3 Ke7 26.Kb2  1/2-1/2

[Event "Philadelphia"]
[Site "Philadelphia"]
[Date "1986.??.??"]
[Round "?"]
[White "Alzate, Dario"]
[Black "Fedorowicz, John P"]
[Result "0-1"]
[WhiteElo "2365"]
[BlackElo "2500"]

1.e4 c5 2.Nf3 d6 3.d4 cxd4 4.Nxd4 Nf6 5.Nc3 Nc6 6.Bg5 Qb6 7.Nb3 e6 8.Be2 Be7
9.O-O O-O 10.Kh1 Qc7 11.a4 Nb4 12.Rc1 h6 13.Bxf6 Bxf6 14.Nb5 Qc6 15.c3 Na6
16.Qxd6 Qxe4 17.Bd3 Qxa4 18.N3d4 Rd8 19.Qg3 Qa5 20.b4 Qb6 21.Ne2 e5 22.Na3 Be6
23.f4 Qd6 24.Be4 Rab8 25.Nb5 Qb6 26.fxe5 Bg5 27.Nbd4 Bxc1 28.Rxc1 Rbc8 29.Rf1 Nc7
30.h4 Nb5 31.Nxe6 Qxe6 32.Bf5 Qc4 33.Bxc8 Rxc8 34.Qf2 Re8 35.e6 Qxe6 36.Nd4 Nxd4
37.Qxd4 a6 38.Qf4 Rc8 39.Rf3 Rc4 40.Qb8+ Kh7 41.Qg3 Rg4 42.Qf2 Kg8 43.Rf4 Rg6
44.Rd4 h5 45.Kg1 b5 46.Qd2 Qb6 47.Kf1 Rf6+ 48.Rf4 g6 49.g3 Rd6 50.Rd4 Rxd4
51.cxd4 Qd6 52.d5 Kf8 53.Qd4 Ke7 54.Kf2 Qc7 55.Kf3 Qc4 56.Qa7+ Kd6 57.Qxa6+ Kxd5
58.Qb7+ Kd4 59.Qe7 Kc3 60.Ke3 Qe6+  0-1

[Event "Plovdiv"]
[Site "Plovdiv"]
[Date "1986.??.??"]
[Round "?"]
[White "Arnason, Jon L"]
[Black "Ivanovic, Bozidar"]
[Result "1-0"]
[WhiteElo "2500"]
[BlackElo "2490"]

1.e4 c5 2.Nf3 Nc6 3.d4 cxd4 4.Nxd4 Nf6 5.Nc3 d6 6.Bg5 e6 7.Qd2 a6 8.O-O-O h6
9.Be3 Bd7 10.f3 b5 11.g4 Ne5 12.Bd3 b4 13.Nce2 d5 14.Ng3 Qc7 15.Kb1 Nc4 16.Bxc4 dxc4
17.h4 c3 18.Qg2 e5 19.g5 hxg5 20.hxg5 Rxh1 21.Nxh1 exd4 22.gxf6 dxe3 23.fxg7 Bxg7
24.Qxg7 O-O-O 25.Ng3 Ba4 26.Rd5 Rxd5 27.exd5 cxb2 28.Qf8+ Kb7 29.Qxb4+ Bb5
30.Ne4 Ka8 31.a4 Bd3 32.Nc5 a5 33.Qc3 e2 34.Qh8+ Ka7 35.Nxd3  1-0

[Event "Plovdiv"]
[Site "Plovdiv"]
[Date "1986.??.??"]
[Round "?"]
[White "Arnason, Jon L"]
[Black "Barbero, Gerardo F"]
[Result "1/2-1/2"]
[WhiteElo "2500"]
[BlackElo "2520"]

1.e4 c5 2.Nf3 Nc6 3.d4 cxd4 4.Nxd4 Nf6 5.Nc3 d6 6.Bg5 e6 7.Qd2 a6 8.O-O-O Bd7
9.Be2 h6 10.Bh4 Rc8 11.Nxc6 Bxc6 12.Qe3 Be7 13.f4 O-O 14.Rd2 b5 15.a3 Qc7
16.Bf3 Ng4 17.Qe1 Bxh4 18.Qxh4 Ne3 19.g4 f5 20.gxf5 exf5 21.Re1 fxe4 22.Nxe4 d5
23.Rxe3 Rxf4 24.Qe1 dxe4 25.Bxe4 Qf7 26.Bd3 Re8 27.Rxe8+ Bxe8 28.Re2 Kf8
29.Re6 Rf6 30.Qb4+ Kg8 31.Re7 Qh5 32.Qe1 Qg5+ 33.Kb1 Bg6 34.Bxg6 Qxg6 35.Re8+ Kh7
36.Rc8 Qg2 37.Qe8 Rf1+ 38.Ka2 Qe4 39.b3 Qd4 40.Qg8+ Kg6 41.Qe6+  1/2-1/2

[Event "Plovdiv"]
[Site "Plovdiv"]
[Date "1986.??.??"]
[Round "?"]
[White "Arnason, Jon L"]
[Black "Inkiov, Ventzislav"]
[Result "1/2-1/2"]
[WhiteElo "2500"]
[BlackElo "2465"]

1.e4 c5 2.Nf3 d6 3.d4 cxd4 4.Nxd4 Nf6 5.Nc3 Nc6 6.Bg5 e6 7.Qd2 Be7 8.O-O-O O-O
9.Nb3 a6 10.Bxf6 gxf6 11.Qh6 Kh8 12.Qh5 Qe8 13.f4 Rg8 14.g4 b5 15.Bd3 Rg7
16.h4 b4 17.Ne2 a5 18.g5 a4 19.Nbd4 Nxd4 20.Nxd4 Bd7 21.gxf6 Bxf6 22.e5 dxe5
23.Rhg1 Qg8 24.Ne2 exf4 25.Be4 Ra7 26.Rxg7 Bxg7 27.Nxf4 a3 28.Kb1 axb2  1/2-1/2

[Event "POL-chT"]
[Site "Porabka"]
[Date "1986.??.??"]
[Round "?"]
[White "Rzeczycka, B."]
[Black "Kowalska, Elzbieta"]
[Result "1/2-1/2"]
[WhiteElo "1945"]
[BlackElo "1925"]

1.e4 c5 2.Nf3 Nc6 3.d4 cxd4 4.Nxd4 Nf6 5.Nc3 d6 6.Bg5 h6 7.Bxf6 gxf6 8.Be2 Qb6
9.Nf5 Qd8 10.O-O e6 11.Ne3 Rg8 12.Kh1 a6 13.a4 Bd7 14.f4 Be7 15.Bc4 Qa5 16.f5 Qc5
17.Qd2 O-O-O 18.Ne2 Ne5 19.Ba2 Ng4 20.Nxg4 Rxg4 21.Nf4 Qe5 22.fxe6 fxe6 23.Qc3+ Kb8
24.Qxe5 dxe5 25.Nh5 f5 26.Ng3 f4 27.Ne2 h5 28.Rad1 Rg6 29.Nc3 Kc7 30.Rf3 Rdg8
31.Rd2 Bc6 32.Bc4 h4 33.Bf1 Bc5 34.Rh3 Be3 35.Rd1 Rh6 36.Be2 Rd8 37.Rxd8 Kxd8
38.b3 Ke7 39.Bd3 Kf6 40.Nd1 Bc5 41.Rf3 Be8 42.h3 Bh5 43.Rf1 Rh8 44.Nb2 Rd8
45.Nc4 Bg6 46.Nd2 Rd4 47.Nf3 Rb4 48.Nd2 Rd4 49.Nf3 Rb4 50.Nd2 Rd4 51.Nf3  1/2-1/2

[Event "POL-chT"]
[Site "Porabka"]
[Date "1986.??.??"]
[Round "?"]
[White "Semczuk, Jerzy"]
[Black "Hass, Roman"]
[Result "0-1"]
[WhiteElo "2250"]
[BlackElo "2305"]

1.e4 c5 2.Nf3 d6 3.Nc3 Nc6 4.d4 cxd4 5.Nxd4 Nf6 6.Bg5 e6 7.Qd2 Be7 8.O-O-O O-O
9.Nb3 Qb6 10.f4 Rd8 11.Be2 a5 12.a4 d5 13.exd5 Nxd5 14.Nxd5 Rxd5 15.Qc3 Nb4
16.Kb1 f6 17.Bh4 Bd7 18.Rxd5 exd5 19.Qd4 Qc6 20.Bd3 Qxa4 21.Nc1 Rc8 22.b3 Qc6
23.Qb2 a4 24.bxa4 Qxa4 25.Bf2 Nc6 26.Qb3 Nb4 27.Rd1 Qa5 28.Bd4 Ba4 29.Qb2 Rxc2
30.Bxc2 Bxc2+ 31.Qxc2 Nxc2 32.Kxc2 Qc7+ 33.Kb2 Qxf4 34.g3 Qf3 35.Kc2 Qe4+
36.Rd3 Bb4 37.Kb3 Bd6 38.Kc2 Be5 39.Be3 Qc4+ 40.Kd2 Qb4+ 41.Ke2 Qb2+ 42.Bd2 Qb5
43.Na2 Qc4 44.Nb4 Qe4+ 45.Re3 Qg2+ 46.Kd1 Qxh2  0-1

[Event "POL-chT"]
[Site "Porabka"]
[Date "1986.??.??"]
[Round "?"]
[White "Brustman, Agnieszka"]
[Black "Kowalska, Elzbieta"]
[Result "1-0"]
[WhiteElo "1935"]
[BlackElo "1925"]

1.e4 c5 2.Nf3 Nc6 3.d4 cxd4 4.Nxd4 Nf6 5.Nc3 d6 6.Bg5 h6 7.Bxf6 gxf6 8.Be2 Qb6
9.Nb3 f5 10.exf5 Bxf5 11.Nd5 Qd8 12.O-O Bg7 13.c3 O-O 14.Bd3 Bxd3 15.Qxd3 e6
16.Ne3 d5 17.Rad1 Qb6 18.Rd2 a5 19.Nd4 a4 20.Rfd1 Nxd4 21.cxd4 Qa6 22.Qa3 Rac8
23.Nf1 Rc4 24.Ng3 Rd8 25.Qe3 Qd6 26.Nh5 Rdc8 27.Rd3 Kh7 28.Qf3 Qc7 29.Nxg7 Kxg7
30.Qg4+ Kf8 31.Qh4 Rc1 32.Qxh6+ Ke8 33.Qh8+ Ke7 34.Qh4+ Ke8 35.h3 Qc2 36.Rxc1 Qxc1+
37.Kh2 Qxb2 38.Rf3 Qc1 39.Qh8+ Ke7 40.Qf6+ Kd6 41.Qxf7 Rc7 42.Qf8+ Re7 43.Qd8+ Rd7
44.Qb6+ Ke7 45.Qb4+ Kd8 46.Qxa4 Qc4 47.Qa8+ Kc7 48.Qa5+ b6 49.Qd2 Kb7 50.Rc3 Qa4
51.Re3 Qc6 52.h4 Rh7 53.g3 Qc7 54.Re5 Qf7 55.Qe3 Qc7 56.Kg2 Re7  1-0

[Event "POL-chT"]
[Site "Porabka"]
[Date "1986.??.??"]
[Round "?"]
[White "Grabowski, Andrzej"]
[Black "Szymczak, Zbigniew"]
[Result "1-0"]
[WhiteElo "2265"]
[BlackElo "2415"]

1.e4 c5 2.Nf3 Nc6 3.d4 cxd4 4.Nxd4 Nf6 5.Nc3 d6 6.Bg5 Bd7 7.Qd2 Rc8 8.f4 Nxd4
9.Qxd4 Qa5 10.e5 dxe5 11.Qxe5 Qxe5+ 12.fxe5 Ng4 13.e6 Bxe6 14.Bb5+ Bd7 15.Bxd7+ Kxd7
16.O-O-O+ Ke8 17.Rhe1 f6 18.Bf4 e5 19.h3 Nh6 20.Bxh6 gxh6 21.Rf1 Rc6 22.Ne4 Be7
23.Rf5 Kf7 24.g4 Rd8 25.Rxd8 Bxd8 26.Rh5 Kg6 27.b3 b5 28.c3 Ra6 29.Kb2 Bb6
30.Nd6 b4 31.Nf5 bxc3+ 32.Kxc3 Rxa2 33.Rxh6+ Kg5 34.Rxh7 e4 35.Re7 Kf4 36.Re6 Rh2
37.Kc4 Rc2+ 38.Kd5 Rc5+ 39.Kd6 Rxf5 40.gxf5 Kxf5 41.Kd5 e3 42.Re4 Kg6 43.Rg4+ Kf5
44.b4 Bc7 45.Kd4 Bf4 46.Kd3 Bh6 47.Ke2 Bf4 48.Kf3 Bh6 49.b5  1-0

[Event "FIN-ch"]
[Site "Pori"]
[Date "1986.??.??"]
[Round "?"]
[White "Westerinen, Heikki MJ"]
[Black "Maki, Veijo"]
[Result "1-0"]
[WhiteElo "2390"]
[BlackElo "2360"]

1.e4 c5 2.Nf3 d6 3.d4 cxd4 4.Nxd4 Nf6 5.Nc3 Nc6 6.Bg5 e6 7.Qd2 a6 8.O-O-O Bd7
9.Be2 h6 10.Bh4 Rc8 11.Rhe1 Nxe4 12.Qf4 g5 13.Qxe4 gxh4 14.f4 Be7 15.Nb3 d5
16.Qf3 b5 17.Bd3 b4 18.Ne2 Qb6 19.Kb1 a5 20.f5 Ne5 21.Qh5 Nxd3 22.fxe6 Bxe6
23.cxd3 Kd7 24.Nf4 a4 25.Nxd5 Qa7 26.Nd2 Qc5 27.Nc4 Bxd5 28.Re5 Be6 29.Rxc5 Rxc5
30.Qf3 Kc7 31.Qf4+ Kb7 32.Re1 Rd8 33.Ne5 Ka6 34.Qxh6 Rd6 35.Qf4 Bd5 36.Qxb4 Rb6
37.Qd4 a3 38.b3 Rcb5 39.Nc4 Bxc4 40.Qxc4  1-0

[Event "Poznan"]
[Site "Poznan"]
[Date "1986.??.??"]
[Round "9"]
[White "Woda, Jacek"]
[Black "Przewoznik, Jan"]
[Result "1-0"]
[WhiteElo "2400"]
[BlackElo "2420"]

1.e4 c5 2.Nf3 Nc6 3.d4 cxd4 4.Nxd4 Nf6 5.Nc3 d6 6.Bg5 e6 7.Qd2 a6 8.O-O-O Bd7
9.f4 Be7 10.Nf3 b5 11.Bxf6 gxf6 12.f5 Qb6 13.g3 O-O-O 14.Bh3 b4 15.fxe6 fxe6
16.Ne2 f5 17.exf5 e5 18.Ng5 Bxg5 19.Qxg5 Na5 20.Rhe1 Nc4 21.Qh6 Kb8 22.b3 Ne3
23.Qxd6+ Qxd6 24.Rxd6 Bxf5 25.Rxd8+ Rxd8 26.Bxf5 Nxf5 27.Rd1 Rc8 28.c4 bxc3
29.Rd3 c2 30.Rf3 Nd6 31.Re3 Rc5 32.Rc3 Rxc3 33.Nxc3 Kc7 34.Kxc2 h5 35.Nd5+ Kc6
36.Nf6 Kc5 37.Kc3 a5 38.Nxh5 e4 39.Nf4 Nb5+ 40.Kd2 Kd4 41.Ne2+ Ke5 42.Ke3 Na3
43.Nd4 Nb1 44.Nb5  1-0

[Event "Prague op"]
[Site "Prague"]
[Date "1986.??.??"]
[Round "?"]
[White "Prandstetter, Eduard"]
[Black "Robatsch, Karl"]
[Result "0-1"]
[WhiteElo "2450"]
[BlackElo "2405"]

1.e4 c5 2.Nf3 d6 3.d4 cxd4 4.Nxd4 Nf6 5.Nc3 Nc6 6.Bg5 Bd7 7.Be2 Qa5 8.Bxf6 gxf6
9.O-O Nxd4 10.Qxd4 Rc8 11.Qd1 Qc5 12.Bd3 Rg8 13.Kh1 Qg5 14.g3 e6 15.Qe2 Rc5
16.f4 Qg4 17.Qf2 Bc6 18.Be2 Qg6 19.Bf3 f5 20.exf5 Qxf5 21.Bxc6+ bxc6 22.Qf3 d5
23.Rf2 Be7 24.Qe3 Kf8 25.Re2 a5 26.Qf2 Rc4 27.Qb6 Qg4 28.Rg2 Qf3 29.Qf2 Qxf2
30.Rxf2 Bf6 31.Nd1 Re4 32.Kg2 Ke7 33.Rb1 Rb8 34.Kf1 Ra4 35.f5 Rxa2 36.fxe6 fxe6
37.c3 a4 38.Rc1 Rb3 39.Kg2 c5 40.Rcc2 a3 41.bxa3 Rxc2 42.Rxc2 Rxa3 43.Kf3 Kd6
44.Kg4 c4 45.Kh5 Bg7 46.h4 Ra1 47.Nf2 Rf1 48.g4 Bxc3 49.Nh3 Bg7 50.Ng5 Rf6
51.Nxh7 Rh6+ 52.Kg5 Rxh7 53.h5 Bf8  0-1

[Event "CSR-ch"]
[Site "Prague"]
[Date "1986.??.??"]
[Round "3"]
[White "Jansa, Vlastimil"]
[Black "Banas, Jan"]
[Result "0-1"]
[WhiteElo "2485"]
[BlackElo "2395"]

1.e4 c5 2.Nf3 d6 3.d4 cxd4 4.Nxd4 Nf6 5.Nc3 Nc6 6.Bg5 e6 7.Qd2 a6 8.O-O-O Bd7
9.f4 h6 10.Bh4 g5 11.fxg5 Ng4 12.Nxc6 Bxc6 13.Be2 Ne5 14.g3 Ng6 15.Kb1 h5
16.Qe3 Be7 17.Rhf1 Qc7 18.Qf2 Ne5 19.h3 O-O-O 20.g4 hxg4 21.Bxg4 Nxg4 22.hxg4 Rh7
23.Rd3 Qa5 24.Nd5 Bxd5 25.exd5 Kb8 26.Bg3 e5 27.Qe3 Rh3 28.Qe4 Rc8 29.c4 Qa4
30.b3 Qe8 31.Qf5 Qh8 32.Rdf3 Rh7 33.g6 fxg6 34.Qxg6 Rg7 35.Qe6 Qh7+ 36.Qf5 Qg8
37.Qh5 Rxg4 38.Bf2 Rg5 39.Qf7 Rf8 40.Qxe7 Rxf3 41.Qxd6+ Kc8 42.Qc5+ Kd7 43.Qa7 Qg6+
44.Ka1 Kc8 45.Rh1 Rh5 46.Rg1 Rg5 47.Rh1 Rh5 48.Bh4 Kc7 49.Rg1 Qf7 50.d6+ Kc6
51.c5 Rf1+ 52.Rxf1 Qxf1+ 53.Kb2 Rxh4 54.Qb6+ Kd5 55.Qxb7+ Kxc5 56.Qc7+ Kd5
57.d7 Qf2+ 58.Ka3 Qf8+ 59.Kb2 Rh2+ 60.Kc3 Rh3+ 61.Kb2 Rh8 62.Qc4+ Kd6 63.Qxa6+ Ke7
64.Qb7 Qf2+ 65.Ka3 Qc5+ 66.Ka4 Rh4+  0-1

[Event "CSR-ch"]
[Site "Prague"]
[Date "1986.??.??"]
[Round "11"]
[White "Jansa, Vlastimil"]
[Black "Plachetka, Jan"]
[Result "1/2-1/2"]
[WhiteElo "2485"]
[BlackElo "2430"]

1.e4 c5 2.Nf3 Nc6 3.d4 cxd4 4.Nxd4 Nf6 5.Nc3 d6 6.Bg5 e6 7.Qd2 a6 8.O-O-O Bd7
9.Be2 Nxd4 10.Qxd4 Qa5 11.f4 Bc6 12.Bxf6 gxf6 13.Bf3 Be7 14.Rhe1 Qc5 15.Qd2 O-O
16.f5 Kh8 17.fxe6 fxe6 18.Bg4 f5 19.exf5 Rg8 20.Qe2 Bg5+ 21.Kb1 exf5 22.Bf3 Rae8
23.Qd3 Rxe1 24.Rxe1 Bf6 25.Nd5 Be5 26.a3 f4 27.Rd1 Qb5 28.Qxb5 Bxb5 29.Ne7 Rd8
30.h3 Be8 31.Rd3 Rd7 32.Nd5 Bf7 33.Rb3 b5 34.Rb4 Bxd5 35.Bxd5 Rc7 36.a4 Rc5
37.Bf3 bxa4 38.Rxa4 a5 39.c4 Kg7 40.Kc2 Kf6 41.Bd5 Kf5 42.Ra3 h6 43.Rb3 Rc7
44.Rb6 Ra7 45.Kb3 a4+ 46.Ka2 Kg5 47.Rb4 Kh4 48.Ka3 Kg3 49.Rb8 Bd4 50.Rg8+ Kf2
51.Rg6 Bc5+ 52.Ka2 Re7 53.Rf6 Re2 54.Rxf4+ Kg1 55.Kb1 a3 56.bxa3 Bxa3 57.Rh4 Re1+
58.Kc2 Bc1 59.Rg4 Bg5 60.h4 Be7 61.Kd3 Re5 62.Rg6 h5 63.Kd4 Bxh4 64.Rxd6 Re1
65.Bf3 Bf2+ 66.Kd5 Ra1 67.Rg6 Ra5+ 68.Ke4 h4 69.Kf4 Ra4 70.Bd5 Ra3 71.Rg8 Rc3
72.Rh8 Bg3+ 73.Kf5 Kh2 74.Kg4 Rc1 75.Re8 Rc3 76.Rh8 Rc1 77.Rf8 Rc3 78.Rf3 Rc2
79.Rf7 Rc3 80.Rf1 Rb3 81.Rd1  1/2-1/2

[Event "Quebec"]
[Site "Quebec"]
[Date "1986.??.??"]
[Round "8"]
[White "Williams, Leo"]
[Black "Spraggett, Kevin"]
[Result "0-1"]
[WhiteElo "2285"]
[BlackElo "2535"]

1.e4 c5 2.Nf3 Nc6 3.d4 cxd4 4.Nxd4 Nf6 5.Nc3 d6 6.Bg5 Qb6 7.Nb3 e6 8.Qd2 a6
9.O-O-O Qc7 10.f4 b5 11.Kb1 b4 12.Bxf6 gxf6 13.Na4 Bd7 14.Qe3 Rb8 15.Nd2 Na5
16.b3 Bxa4 17.bxa4 Bg7 18.f5 O-O 19.Bxa6 d5 20.exd5 exd5 21.Nb3 Nc4 22.Bxc4 dxc4
23.Qc5 Qc8 24.Qxc8 Rfxc8 25.Nc1 Ra8 26.Rd7 Rxa4 27.Rhd1 Ra5 28.Rd8+ Rxd8
29.Rxd8+ Bf8 30.Rc8 c3 31.g4 Re5 32.a3 bxa3 33.Nd3 Re4 34.h3 Kg7 35.Rxc3 Re3
36.Rc6 Rf3 37.Ka2 h5 38.Rc4 Kh6 39.Nf4 Kg5 40.Nxh5 Rxh3 41.Rc8 Be7 42.Rg8+ Kh4
43.Nf4 Rc3 44.Kb1 Rc4 45.Nd5 Bd6 46.Rh8+ Kg3 47.Rh7 Rd4 48.Ne3 Bf4  0-1

[Event "URS-ch sf"]
[Site "Sevastopol"]
[Date "1986.??.??"]
[Round "?"]
[White "Aseev, Konstantin N"]
[Black "Vaisser, Anatoli"]
[Result "1-0"]
[WhiteElo "2440"]
[BlackElo "2510"]

1.e4 c5 2.Nf3 d6 3.d4 cxd4 4.Nxd4 Nf6 5.Nc3 Nc6 6.Bg5 e6 7.Qd2 a6 8.O-O-O h6
9.Be3 Nxd4 10.Qxd4 Be7 11.Be2 e5 12.Qa4+ Bd7 13.Qb3 b5 14.f4 O-O 15.fxe5 dxe5
16.Rhf1 b4 17.Nd5 Nxd5 18.Qxd5 Bg5 19.Qxd7 Bxe3+ 20.Kb1 Bd4 21.Qxd8 Rfxd8
22.Bc4 Ra7 23.Rf3 Rc8 24.Bd5 a5 25.Rdf1 Rcc7 26.g4 Rd7 27.h4 g6 28.a3 Bc5
29.a4 Kg7 30.Ka2 Bb6 31.h5 Bd8 32.c3 bxc3 33.bxc3 Bg5 34.Rb1 Bf4 35.Rb6 Rdc7
36.Kb3 Rc5 37.Bb7 Rc7 38.Bc6 Rc8 39.Rd3 Bg5 40.Bb5 Be7 41.Rd5 Rac7 42.c4 Bc5
43.Ra6 gxh5 44.gxh5 Kh7 45.Rxa5 Rg8 46.Rxc5 Rxc5 47.Ra7 Rg1 48.Kb4 Rc8 49.Rxf7+ Kg8
50.Re7 Rb1+ 51.Ka5 Ra8+ 52.Ba6 Rc1 53.Rc7 Kf8 54.c5 Rc4 55.c6 Rxe4 56.Rh7 Kg8
57.Rd7 Rf4 58.c7 Rff8 59.Re7 e4 60.Rxe4 Rf5+ 61.Kb4  1-0

[Event "Smolensk"]
[Site "Smolensk"]
[Date "1986.??.??"]
[Round "?"]
[White "Petrushin, Alexander I"]
[Black "Panchenko, Alexander N"]
[Result "1-0"]
[WhiteElo "2395"]
[BlackElo "2435"]

1.e4 c5 2.Nf3 Nc6 3.d4 cxd4 4.Nxd4 Nf6 5.Nc3 d6 6.Bg5 e6 7.Qd2 a6 8.O-O-O Bd7
9.f4 b5 10.Bxf6 gxf6 11.f5 Nxd4 12.Qxd4 Bh6+ 13.Kb1 Bf4 14.Ne2 Be5 15.Qd2 Qb6
16.Nf4 Rc8 17.g4 Rg8 18.h3 b4 19.Nd3 Ba4 20.b3 Bc3 21.Qh6 Bd7 22.Qxh7 Rg5
23.Be2 Bd4 24.h4 Rxc2 25.Kxc2 Qc7+ 26.Kb1 Qc3 27.Rc1 Qa1+ 28.Kc2 Qxa2+ 29.Kd1 Qxb3+
30.Kd2 Rxg4 31.Bxg4 Qa2+ 32.Rc2 Bc3+ 33.Kd1 Ba4 34.Rh2 Qc4 35.fxe6 Qxd3+
36.Kc1 Qe3+ 37.Kb1 fxe6 38.Qg8+ Kd7 39.Qxe6+ Kc7 40.Qc4+ Kb6 41.Rxc3 bxc3
42.Rh1  1-0

[Event "BCF-ch"]
[Site "Southampton"]
[Date "1986.??.??"]
[Round "1"]
[White "Yeo, Michael J"]
[Black "Conquest, Stuart"]
[Result "0-1"]
[WhiteElo "2240"]
[BlackElo "2430"]

1.e4 c5 2.Nf3 d6 3.d4 cxd4 4.Nxd4 Nf6 5.Nc3 Nc6 6.Bg5 e6 7.Qd2 a6 8.O-O-O Bd7
9.f4 b5 10.Bxf6 gxf6 11.Kb1 Qb6 12.f5 O-O-O 13.a4 b4 14.Na2 d5 15.exd5 exd5
16.Nc1 Ne5 17.a5 Qxa5 18.Ndb3 Qb6 19.Qxd5 Be7 20.Qa5 Kb7 21.Nd3 Bxf5 22.Be2 Qxa5
23.Nxa5+ Kc7 24.Rhf1 Bg6 25.Nf4 Be4 26.g3 Rhe8 27.Nb3 f5 28.Bxa6 Ng4 29.Rxd8 Rxd8
30.Bd3 Nxh2 31.Re1 Nf3 32.Re3 Ng5 33.Nd2 Bc5 34.Re2 Bxd3 35.Nxd3 Bd6 36.Rf2 Ne4
37.Nxe4 fxe4 38.Rxf7+ Rd7 39.Rxd7+ Kxd7 40.Nf2 e3 41.Nd3 Bxg3 42.Kc1 h5 43.Kd1 h4
44.Ke2 h3 45.Kf3 h2 46.Kg2 e2 47.Kh1 Ke6 48.Kg2 Kf5  0-1

[Event "Tatran Cup"]
[Site "Stary Smokovec"]
[Date "1986.??.??"]
[Round "?"]
[White "Gazik, Igor"]
[Black "Banas, Jan"]
[Result "1/2-1/2"]
[WhiteElo "2415"]
[BlackElo "2395"]

1.e4 c5 2.Nf3 Nc6 3.d4 cxd4 4.Nxd4 Nf6 5.Nc3 d6 6.Bg5 e6 7.Qd2 a6 8.O-O-O Bd7
9.f4 h6 10.Bxf6 Qxf6 11.Nf3 Qd8 12.g4 Qa5 13.Kb1 O-O-O 14.h4 Be7 15.Bh3 Bf6
16.Ne2 Qxd2 17.Rxd2 Kc7 18.Rdd1 g6 19.Ng3 Bg7 20.Bf1 Bc8 21.h5 Rhg8 22.c3 Bf8
23.g5 hxg5 24.Nxg5 f6 25.Nf3 gxh5 26.Nxh5 Be7 27.Bh3 Rdf8 28.Rdg1 Rxg1+ 29.Nxg1 Rg8
30.Ne2 Bd7 31.Rg1 Rh8 32.Bg4 Rg8 33.Bh3 Rh8 34.Bg4 Rg8 35.Rg3 f5 36.exf5 Bh4
37.Rg2 exf5 38.Bf3 Rxg2 39.Bxg2 Ne7 40.Nd4 Bf2 41.Kc2  1/2-1/2

[Event "Szirak"]
[Site "Szirak"]
[Date "1986.??.??"]
[Round "?"]
[White "Spraggett, Kevin"]
[Black "Csom, Istvan"]
[Result "1/2-1/2"]
[WhiteElo "2525"]
[BlackElo "2505"]

1.e4 c5 2.Nf3 d6 3.d4 cxd4 4.Nxd4 Nf6 5.Nc3 Nc6 6.Bg5 e6 7.Qd2 a6 8.O-O-O h6
9.Be3 Bd7 10.f3 Qc7 11.g4 Ne5 12.Rg1 b5 13.h4 g6 14.g5 hxg5 15.hxg5 Nh5 16.f4 Nc4
17.Bxc4 Qxc4 18.Kb1 b4 19.Nce2 a5 20.b3 Qa6 21.Nf3 a4 22.Bd4 axb3 23.cxb3 Ng7
24.Nc1 Bc6 25.Rde1 Qb7 26.Qe2 Rh3 27.Nd2 Nh5 28.Qf2 Bb5 29.Re3 Rxe3 30.Qxe3 Rc8
31.Bb2 Qc6 32.Nf3 Ba6 33.Qd2 Qc5 34.Bd4 Qc6 35.Re1 Qb7 36.Nh2 Be7 37.Ng4 Qb5
38.Bb2 Qc5 39.Nf6+ Nxf6 40.gxf6 Bf8 41.Nd3 Qa5 42.a4 Rc3 43.Bxc3 bxc3 44.Qc2 Bxd3
45.Qxd3 c2+ 46.Kxc2 Qxe1 47.Qb5+ Kd8 48.Qb8+ Kd7  1/2-1/2

[Event "Tirnavia"]
[Site "Trnava"]
[Date "1986.??.??"]
[Round "10"]
[White "Mokry, Karel"]
[Black "Banas, Jan"]
[Result "1-0"]
[WhiteElo "2490"]
[BlackElo "2395"]

1.e4 c5 2.Nf3 d6 3.d4 cxd4 4.Nxd4 Nf6 5.Nc3 Nc6 6.Bg5 e6 7.Qd2 a6 8.O-O-O Bd7
9.f4 h6 10.Bh4 g5 11.fxg5 Ng4 12.Nf3 hxg5 13.Bg3 Be7 14.Be2 Nge5 15.Kb1 f6
16.h4 gxh4 17.Nxh4 Qa5 18.Nf5 Rxh1 19.Rxh1 exf5 20.Rh8+ Bf8 21.Bxe5 Nxe5
22.Qxd6 O-O-O 23.Rxf8 Rxf8 24.Qxf8+ Qd8 25.Qc5+ Bc6 26.exf5 Qg8 27.g4 Nxg4
28.Bxa6 Ne5 29.Be2 Qg5 30.b4 Nd7 31.Qd4 Qxf5 32.b5 Bf3 33.Bxf3 Qxf3 34.Qc4+ Kb8
35.Nd5 Qg3 36.a4 Nb6 37.Nxb6 Qg1+ 38.Ka2 Qxb6 39.Qf4+ Ka7 40.Qf5 Qd4 41.Kb3 Kb6
42.Qe6+ Ka5 43.Qe1+ Kb6 44.Qb4 Qe3+ 45.Kb2 Qe5+ 46.c3 Qe2+ 47.Ka3 Qf1 48.Qd6+ Ka7
49.Qc5+ b6 50.Qc7+ Ka8 51.Qc8+  1-0

[Event "USA-chJ"]
[Site "?"]
[Date "1986.??.??"]
[Round "?"]
[White "Gurevich, Ilya"]
[Black "Burnett, Ronald"]
[Result "1/2-1/2"]
[WhiteElo "2295"]
[BlackElo "2200"]

1.e4 c5 2.Nf3 Nc6 3.d4 cxd4 4.Nxd4 Nf6 5.Nc3 d6 6.Bg5 g6 7.Bxf6 exf6 8.Bc4 Ne5
9.Bb3 a6 10.f4 Nd7 11.Qf3 Bg7 12.O-O-O O-O 13.Kb1 Nc5 14.f5 Bd7 15.h4 Nxb3
16.cxb3 Re8 17.h5 g5 18.h6 Bf8 19.Nde2 Bc6 20.Nd5 Bxd5 21.Rxd5 Re5 22.Nc3 Rc8
23.Qd3 Qe7 24.Rd1 Bxh6 25.Rxd6 Bg7 26.g4 Re8 27.a3 Qc7 28.b4 h6 29.Qd4 R5e7
30.Rc1 Re5 31.Nb5 Qb8 32.Nc7 Rxe4 33.Qd3 Re3 34.Qd2 Re2 35.Qd3 R2e3 36.Qd4 R3e4
37.Qd3  1/2-1/2

[Event "Vienna op"]
[Site "Vienna"]
[Date "1986.??.??"]
[Round "?"]
[White "Biriescu, Ioan"]
[Black "Zueger, Beat"]
[Result "1/2-1/2"]
[WhiteElo "2320"]
[BlackElo "2435"]

1.e4 c5 2.Nf3 Nc6 3.d4 cxd4 4.Nxd4 Nf6 5.Nc3 d6 6.Bg5 e6 7.Qd3 Be7 8.Rd1 O-O
9.Be2 Bd7 10.Qg3 Nxd4 11.Rxd4 Qb6 12.Rd3 Rfd8 13.Qh4 Qxb2 14.O-O Rdc8 15.e5 dxe5
16.Ne4 Nxe4 17.Bxe7 Nc3 18.Bh5 Nd5 19.Rg3 e4 20.c3 Nxe7 21.Qxe7 Be8 22.Rd1 Qb5
23.Rg5 Qb6 24.Rxg7+ Kxg7  1/2-1/2

[Event "Vienna op"]
[Site "Vienna"]
[Date "1986.??.??"]
[Round "?"]
[White "Matanovic, Aleksandar"]
[Black "Felsberger, Alfred"]
[Result "1/2-1/2"]
[WhiteElo "2495"]
[BlackElo "2315"]

1.e4 c5 2.Nf3 d6 3.d4 cxd4 4.Nxd4 Nf6 5.Nc3 Nc6 6.Bg5 e6 7.Qd2 Be7 8.O-O-O O-O
9.f4 h6 10.Bxf6 Bxf6 11.Ndb5 e5 12.g3 Bg4 13.Be2 Bxe2 14.Qxe2 a6 15.Rxd6 Qb8
16.Rxf6 gxf6 17.Qg4+ Kh8 18.Qh5 Kg7 19.Qg4+  1/2-1/2

[Event "Vienna op"]
[Site "Vienna"]
[Date "1986.??.??"]
[Round "?"]
[White "Matanovic, Aleksandar"]
[Black "Mednis, Edmar John"]
[Result "1/2-1/2"]
[WhiteElo "2495"]
[BlackElo "2455"]

1.e4 c5 2.Nf3 Nc6 3.d4 cxd4 4.Nxd4 Nf6 5.Nc3 d6 6.Bg5 e6 7.Qd2 a6 8.O-O-O Bd7
9.f4 b5 10.Bxf6 gxf6 11.Kb1 Qb6 12.Nxc6 Bxc6 13.Bd3 O-O-O  1/2-1/2

[Event "Vrnjacka Banja"]
[Site "Vrnjacka Banja"]
[Date "1986.??.??"]
[Round "?"]
[White "Matulovic, Milan"]
[Black "Damljanovic, Branko"]
[Result "1-0"]
[WhiteElo "2485"]
[BlackElo "2420"]

1.e4 c5 2.Nf3 Nc6 3.d4 cxd4 4.Nxd4 Nf6 5.Nc3 d6 6.Bg5 e6 7.Qd2 a6 8.O-O-O Bd7
9.f4 b5 10.Bxf6 gxf6 11.Kb1 Qb6 12.Nce2 Na5 13.b3 h5 14.h4 O-O-O 15.g3 Kb8
16.Bg2 Be7 17.Qe3 Ka7 18.c3 Rc8 19.f5 d5 20.fxe6 fxe6 21.Bh3 Rhd8 22.exd5 e5
23.Bxd7 Rxd7 24.Nf5 Bc5 25.Qf3 Ba3 26.d6 Bxd6 27.Rd5 Nb7 28.Rhd1 Rcd8 29.Qxh5 Qc6
30.Qg4 Ka8 31.h5 Ba3 32.Rxd7 Rxd7 33.Rxd7 Qxd7 34.Kc2 Nc5 35.Qg8+ Ka7 36.Qg7 Kb6
37.Qxd7 Nxd7 38.h6 Nf8 39.b4  1-0

[Event "Lang mem-A 7th"]
[Site "Brno"]
[Date "1987.07.26"]
[Round "9"]
[White "Stypka, Mieczyslaw"]
[Black "Simek, Petr"]
[Result "1-0"]
[WhiteElo "2265"]
[BlackElo "2245"]

1.e4 c5 2.Nf3 Nc6 3.d4 cxd4 4.Nxd4 Nf6 5.Nc3 d6 6.Bg5 Bd7 7.Qd2 Rc8 8.Nb3 a6
9.O-O-O b5 10.a3 h6 11.Be3 e6 12.f3 b4 13.axb4 Nxb4 14.Qd4 d5 15.e5 Nc6 16.Qf4 Nh5
17.Qg4 g6 18.f4 Nb4 19.Bd3 Nxd3+ 20.Rxd3 Ng7 21.Qf3 Nf5 22.Bf2 h5 23.g3 a5
24.h3 a4 25.Nd4 Nxd4 26.Bxd4 Qa5 27.Nb1 Bb5 28.Re3 Rc4 29.Rd1 Qa6 30.Na3 Rc6
31.Rd2 Bb4 32.Rf2 Ke7 33.g4 hxg4 34.hxg4 Kd7 35.f5 gxf5 36.gxf5 Bc4 37.fxe6+ fxe6
38.Qg2 Rcc8 39.Rg3 Rcf8 40.Rg7+ Kc6 41.Rf6 Rxf6 42.exf6 Bf1 43.Rc7+ Kxc7
44.Qg7+ Kc6 45.Qxh8 Bd2+ 46.Kb1 e5 47.Qe8+  1-0

[Event "AUT-ch"]
[Site "Austria"]
[Date "1987.??.??"]
[Round "5"]
[White "Dueckstein, Andreas"]
[Black "Titz, Heimo"]
[Result "1/2-1/2"]
[WhiteElo "2370"]
[BlackElo "2290"]

1.e4 c5 2.Nf3 d6 3.d4 cxd4 4.Nxd4 Nf6 5.Nc3 Nc6 6.Bg5 e6 7.Qd2 a6 8.O-O-O h6
9.Bf4 Bd7 10.Nxc6 Bxc6 11.Qe1 Be7 12.Kb1 Qc7 13.f3 O-O-O 14.g4 g5 15.Bg3 h5
16.gxh5 Nxh5 17.Bf2 Bf6 18.Bc4 Nf4 19.Ne2 d5 20.Nxf4 dxc4 21.Rxd8+ Bxd8 22.Ne2 Rxh2
23.Rg1 Bf6 24.Nd4 c3 25.Nb3 Rh3 26.bxc3 Rxf3 27.Bd4 Bb5 28.Bxf6 Rxf6 29.Qe3 Rg6
30.Rxg5 Rxg5 31.Qxg5 Kb8 32.Qf6 e5 33.Qh8+ Ka7 34.Kb2 Bc6 35.Qh3 a5 36.Kc1 Qb6
37.Qf3 a4 38.Nd2 Qg1+ 39.Kb2 Qb6+ 40.Kc1 Qg1+ 41.Kb2 Qe1 42.Nc4 Qxe4 43.Qxf7 Qf4
44.Qe6 e4 45.Qe7 Qf5 46.Ne5 Qc8 47.Qd6 Qb8 48.Qc5+ Ka6 49.Ka3 Qc7 50.Kb4 Qb6+
51.Qxb6+ Kxb6 52.Nc4+ Kc7 53.Kc5 Kd7 54.Kd4 Ke6 55.Ne3 Kf6 56.c4 Ke6 57.c5 Kf6
58.a3 Ke6 59.Nc4 Kf5 60.Ke3 Bd5 61.Nb2 Bc6 62.Nd1 Ke5 63.Nc3 Kf5 64.Ne2 Ke5
65.Nc3 Kf5 66.Ne2 Ke5  1/2-1/2

[Event "Bath zt"]
[Site "Bath"]
[Date "1987.??.??"]
[Round "?"]
[White "Delaney, John"]
[Black "Chandler, Murray G"]
[Result "0-1"]
[WhiteElo "2280"]
[BlackElo "2595"]

1.e4 c5 2.Nf3 d6 3.d4 cxd4 4.Nxd4 Nf6 5.Nc3 Nc6 6.Bg5 e6 7.Qd2 a6 8.O-O-O h6
9.Be3 Be7 10.f3 Nxd4 11.Bxd4 b5 12.Bd3 e5 13.Be3 Be6 14.Kb1 O-O 15.a3 Rb8
16.h4 b4 17.axb4 Rxb4 18.Nd5 Nxd5 19.exd5 Qa5 20.c4 Bd7 21.Qc3 Rfb8 22.Rd2 Ba4
23.Qa3 Rb3 24.Qa1 e4 25.fxe4 Bf6  0-1